000 00476nam a2200181Ia 4500
003 LK-CoDNM
005 20240122131236.0
008 010623t1934 xxu||||| |||| 00| 1 sin d
040 _aLK-CoDNM
_dLK-CoDNM
_eLK-CoDNM
041 _asin
080 _a104
_bK 20
100 _aRevata Thero,Tawalama.
245 _aමංගල ප්‍ර‍බන්ධය
246 _aMangala Prabandhaya
260 _bJinalankara
_aHunupitiya
_c1934
300 _b4p, 18 cm
942 _cBK
999 _c97378
_d97378